Interpretation: the poetry of meaning; (Record no. 2450)
[ view plain ]
| 000 -LEADER | |
|---|---|
| fixed length control field | 01081cam a22003251 4500 |
| 001 - CONTROL NUMBER | |
| control field | 9416817 |
| 003 - CONTROL NUMBER IDENTIFIER | |
| control field | GBCCL |
| 005 - DATE AND TIME OF LATEST TRANSACTION | |
| control field | 20241126110429.0 |
| 008 - FIXED-LENGTH DATA ELEMENTS--GENERAL INFORMATION | |
| fixed length control field | 730914s1967 nyu b 000 0 eng |
| 010 ## - | |
| -- | 67013470 |
| 035 ## - SYSTEM CONTROL NUMBER | |
| System control number | (OCoLC)689960 |
| 040 ## - CATALOGING SOURCE | |
| Original cataloging agency | DLC |
| Transcribing agency | MWelC |
| Modifying agency | OCoLC |
| -- | DLC |
| 042 ## - | |
| -- | premarc |
| 050 00 - | |
| -- | BD241 |
| -- | .C63 1966 |
| 082 ## - DEWEY DECIMAL CLASSIFICATION NUMBER | |
| Classification number | 149.94 |
| Item number | INT |
| 111 2# - | |
| -- | Consultation on Hermeneutics |
| -- | (3rd : |
| -- | 1966 : |
| -- | Drew University) |
| -- | 5074 |
| 245 10 - TITLE STATEMENT | |
| Title | Interpretation: the poetry of meaning; |
| Remainder of title | [essays] |
| Statement of responsibility, etc. | Edited by Stanley Romaine Hopper and David L. Miller. |
| 250 ## - EDITION STATEMENT | |
| Edition statement | [1st ed.] |
| 260 ## - PUBLICATION, DISTRIBUTION, ETC. | |
| Place of publication, distribution, etc. | New York, |
| Name of publisher, distributor, etc. | Harcourt, Brace & World |
| Date of publication, distribution, etc. | [1967] |
| 300 ## - PHYSICAL DESCRIPTION | |
| Extent | xxii, 137 p. ; |
| Dimensions | 21 cm. |
| 490 0# - SERIES STATEMENT | |
| Series statement | An Original harbinger book |
| 504 ## - BIBLIOGRAPHY, ETC. NOTE | |
| Bibliography, etc. note | Includes bibliographies. |
| 650 #0 - SUBJECT ADDED ENTRY--TOPICAL TERM | |
| Topical term or geographic name entry element | Hermeneutics. |
| 9 (RLIN) | 1913 |
| 650 #0 - SUBJECT ADDED ENTRY--TOPICAL TERM | |
| Topical term or geographic name entry element | Semantics (Philosophy) |
| 9 (RLIN) | 1693 |
| 700 1# - ADDED ENTRY--PERSONAL NAME | |
| Personal name | Hopper, Stanley Romaine, |
| Dates associated with a name | 1907- |
| Relator term | ed. |
| 9 (RLIN) | 5075 |
| 700 1# - ADDED ENTRY--PERSONAL NAME | |
| Personal name | Miller, David L., |
| Dates associated with a name | 1903- |
| Relator term | ed. |
| 9 (RLIN) | 5076 |
| 710 2# - ADDED ENTRY--CORPORATE NAME | |
| Corporate name or jurisdiction name as entry element | Drew University. |
| 9 (RLIN) | 5077 |
| 906 ## - LOCAL DATA ELEMENT F, LDF (RLIN) | |
| a | 7 |
| b | cbc |
| c | oclcrpl |
| d | u |
| e | ncip |
| f | 19 |
| g | y-gencatlg |
| 942 ## - ADDED ENTRY ELEMENTS (KOHA) | |
| Source of classification or shelving scheme | Dewey Decimal Classification |
| Koha item type | Books |
| Withdrawn status | Lost status | Source of classification or shelving scheme | Damaged status | Not for loan | Home library | Current Library | Shelving location | Date acquired | Total checkouts | Full call number | Barcode | Date last seen | Copy number | Price effective from | Koha item type |
|---|---|---|---|---|---|---|---|---|---|---|---|---|---|---|---|
| Dewey Decimal Classification | GRACE BIBLE COLLEGE | GRACE BIBLE COLLEGE | Philosophy and Religion | 2017-08-14 | 149.94 INT | 001756 | 2025-05-01 | c.1 | 2017-08-14 | Books |